| 000 | 00353 a2200157 4500 | ||
|---|---|---|---|
| 001 | 75514 | ||
| 020 | _a9788574124285 | ||
| 040 | _cAnchieta - Colégio São Paulo | ||
| 100 | _aPennart,Geoffroy | ||
| 240 | 1 | 0 |
_aO lobo sentimental _lpor |
| 245 | 1 | 0 | _aO lobo sentimental |
| 300 | _a35 | ||
| 362 | 0 | _a2013 | |
| 650 | 4 | _aLiteratura infantil | |
| 942 | _cBK | ||
| 999 |
_c75514 _d75514 |
||